Statistiques concernant Films avec une description foireuse #3

Cliquez ici pour prendre le quiz!

Statistiques générales

  • Ce quiz a été pris 82 fois
  • Le résultat moyen est 2 sur 15

Statistiques - réponses

IndiceFlim% Correct
D'énormes grilles pains affrontent d'énormes poulets aliens au beau
milieu de l'océan
Pacific Rim
54%
Un ultra capitaliste égotique découvre les affres du commerce
international au prix d'une greffe de cœur non homologuée
Iron Man
32%
La venue très prochaine d'un objet céleste provoque des perturbations
dans la vie de ces deux adolescents nippons
Your Name
25%
Un entrepreneur dans l'import/export tue son amis en tentant de
contrôler la vie sentimentale de sa jeune sœur
Scarface
16%
Un certain Michel détourne les archives à sa disposition afin de monter
un film inédit en hommage à la sape
La Classe Américaine
14%
Les couleurs vives et la symétrie parfaite ne parviennent pas à
préserver un gérant d'auberge de conflits intestins
The Grand Budapest Hotel
14%
Les bases du marxisme au pays du matin calmeParasite
11%
Un groupe de journalistes zélés découvrent que leurs suspicions
devraient s'étendre bien au delà du simple évêché
Spotlight
11%
Un omnipotent bleuâtre décide d'un déménagement céleste après
que sa compagne nymphomane ne cesse de quérir ses services
Watchmen
11%
Les bases du marxisme en milieu ferroviaireSnowpiercer
10%
Un agent de la maréchaussée tente en vain d'effectuer un contrôle
sur un homme à la carrière professionnelle pour le moins complète
Arrête-moi si tu peux
6%
Marky Mark nous révèle les détails de son anatomie pour le moins
avantageuse qu'il met au service du 7ème art
Boogie Nights
5%
L'histoire d'un apprenti photographe desservi par sa rencontre avec un
petit Dé
La Cité de Dieu
5%
La découverte d'une société misandre provoque une vive réaction
chez un quarantenaire pourtant peu porté sur le militantisme
Je ne suis pas un Homme
Facile
2%
Un très jeune fan de Star Trek décide de partager sa passion pour la
Toussaint avec l'ensemble de sa lignée
Halloween
2%

Distribution des résultats

Percentile par nombre de réponses

% des personnes avec chaque résultat

Votre développement - résultats

Vous n’avez pas pris ce quiz